000 00950nam a2200241 i 4500
001 162283
003 ES-MaACL
005 20230906212453.0
008 990210s1887 fr af |||| | fre d
040 _aCCPB | B
_bspa
_cCCPB | B
100 1 _aPlon, Eugène.
_9131222
245 1 0 _aLeone Leoni sculpteur de Charles-Quint et Pompeo Leoni sculpteur de Philippe II /
_cpar Eugène Plon.
260 _aParis :
_bE. Plon, Nourrit et Cie, imprimeurs-éditeurs,
_c1887.
300 _aIV, 439 p., LV h. de lám., [8] p. de fot. ;
_c32 cm.
490 1 _aLes maitres italiens au service de la Maison d'Autriche
597 _aPort. con grab. calc.
599 _aLas h. de lám. son aguafuertes, heliograbados y heliotipias.
600 0 4 _aLeoni, Leone.
_971691
600 0 4 _aLeoni, Pompeo.
_971693
830 0 _aLes maitres italiens au service de la Maison d'Autriche
_9222183
852 _aES-MaACL
_jB-2141
_z-- Enc. pasta
999 _c162283
_d162283